Contribución a la petrografía de la Precordillera y del Pie de Palo, (Record no. 25602)

MARC details
000 -LEADER
fixed length control field 00826cam a22002171 4500
001 - CONTROL NUMBER
control field gs 15000882
003 - CONTROL NUMBER IDENTIFIER
control field DLC
005 - DATE AND TIME OF LATEST TRANSACTION
control field 20260227111318.0
008 - FIXED-LENGTH DATA ELEMENTS--GENERAL INFORMATION
fixed length control field 891014s1914 ag bf 000 0 spa
010 ## - LIBRARY OF CONGRESS CONTROL NUMBER
LC control number gs 15000882
035 ## - SYSTEM CONTROL NUMBER
System control number (OCoLC)20493066
040 ## - CATALOGING SOURCE
Original cataloging agency DLC
Transcribing agency CU
Modifying agency CU
-- DLC
042 ## - AUTHENTICATION CODE
Authentication code premarc
050 00 - LIBRARY OF CONGRESS CALL NUMBER
Classification number QE231
Item number .A3 no. 10
100 1# - MAIN ENTRY--PERSONAL NAME
Personal name Stieglitz, Otto.
245 00 - TITLE STATEMENT
Title Contribución a la petrografía de la Precordillera y del Pie de Palo,
Statement of responsibility, etc. por el doctor Otto Stieglitz (con 1 mapa, 1 perfil y 11 láminas microfotográficas)
260 ## - PUBLICATION, DISTRIBUTION, ETC.
Place of publication, distribution, etc. Buenos Aires,
Name of publisher, distributor, etc. Talleres gráficos del Ministerio de agricultura,
Date of publication, distribution, etc. 1914.
300 ## - PHYSICAL DESCRIPTION
Extent 97 p.
Other physical details plates, fold. map, profile.
Dimensions 27 cm.
410 10 - SERIES STATEMENT/ADDED ENTRY--CORPORATE NAME [OBSOLETE, CAN/MARC], [LOCAL, USA]
Corporate name or jurisdiction name as entry element Argentina.
Subordinate unit Dirección General de Minas y Geología.
Title of a work Boletin
Volume number/sequential designation no. 10; ser. B (Geologia)
650 #0 - SUBJECT ADDED ENTRY--TOPICAL TERM
Topical term or geographic name entry element Petrology
Geographic subdivision Argentina.

No items available.

Powered by Koha